000 00932nam2a2200265 4500
001 RU\NLR\bibl\904084
005 20250614181114.0
010 _a5-05-006292-6
_950 000
021 _aRU
_b2005-82386
_94067
035 _a(NLR Aleph) 000892502
090 _a1727222
_c1727222
100 _a20060206d2005 |||y0rusy50 ca
101 1 _arus
_ceng
102 _aRU
105 _ay |||||||||
200 0 _aКн. 1
210 _d2005
_aБ. м.
215 _a142,[1] с.
225 1 _a...
_v1202
461 0 _1001RU\NLR\bibl\915245
_12001#$aСтрасти в старинном поместье$vКн. 1
_98118
_aУэй, М.
_cМосква
_d2005
_fМаргарет Уэй
_nРадуга
_oроман : перевод с английского : [в 2 кн.]
_tСтрасти в старинном поместье
_vКн. 1
801 0 _aRU
_bNLR
_c20060206
_grcr
801 1 _aRU
_bNLR
_c20060206
942 _cBOOK
980 _aNB